La pedagogía hospitalaria en el marco de una educación inclusiva
Saved in:
| Main Authors: | , |
|---|---|
| Format: | Bog |
| Sprog: | spansk |
| Udgivet: |
Málaga
Aljibe
2001
|
| Serier: | Colección Educación Especial
|
| Fag: | |
| Tags: |
Tilføj Tag
Ingen Tags, Vær først til at tagge denne postø!
|
MARC
| LEADER | 00000nam a2200000 a 4500 | ||
|---|---|---|---|
| 001 | UCN2910 | ||
| 003 | CL-VaPUC | ||
| 008 | 010615e20010000SP |||||||||||||||||spa|d | ||
| 082 | 0 | 4 | |a 371.9 |b GRA |2 21 |
| 100 | |a Grau Rubio, Claudia |e author |9 459190 | ||
| 700 | 0 | |a Ortiz González, Carmen |e author |9 459191 | |
| 245 | 1 | 3 | |a La pedagogía hospitalaria en el marco de una educación inclusiva |
| 300 | |a 177 p | ||
| 942 | |c BK | ||
| 945 | |d 20010615 00:00:00 |a cmena | ||
| 260 | |a Málaga |b Aljibe |c 2001 | ||
| 650 | 0 | |a Educación especial |9 307486 | |
| 650 | 7 | |a ENFERMEDADES INFANTILES |2 CL-VaPUC |9 334198 | |
| 650 | 0 | |a Hospitales |9 335788 | |
| 650 | 0 | |a Métodos de enseñanza |9 270413 | |
| 650 | 0 | |a Integración escolar |9 312238 | |
| 583 | |a last modification |c 20010615 00:00:00 |k Rodrigo Vera | ||
| 490 | 0 | |a Colección Educación Especial | |
| 999 | |c 295929 |d 295927 | ||
| 952 | |0 0 |1 0 |4 0 |6 371_900000000000000_GRA_2001 |7 0 |8 A |9 349376 |a BIBEDU |b BIBEDU |c ES_NOD |d 2019-11-20 |i 3733173 |o 371.9 GRA 2001 |p 3733173 |r 2023-08-09 |w 2019-11-20 |y BK |k EPE | ||